[Event "EU-ch U12 27th"]
[Site "Mamaia"]
[Date "2017.09.09"]
[Round "5"]
[White "Vangen, David Luangtep"]
[Black "Tonnesen, Rasmus Emil Ryder"]
[Result "0-1"]
[WhiteElo "1499"]
[BlackElo "1660"]
[PlyCount "38"]
[EventDate "2017.09.05"]
[EventType "swiss"]
[EventRounds "9"]
[EventCountry "ROU"]
[SourceTitle "CBM 180 Extra"]
[Source "ChessBase"]
[SourceDate "2017.10.06"]
[SourceVersion "1"]
[SourceVersionDate "2017.10.06"]
[SourceQuality "1"]

1. e4 e5 2. Nf3 Nc6 3. Bc4 Nf6 4. 0-0 Bc5 5. c3 d6 6. d4 exd4 7. cxd4 Bb6 8. e5 dxe5 9. dxe5 Qxd1 10. Rxd1 Ng4 11. Rf1 0-0 12. Bf4 Re8 13. Nc3 Ncxe5 14. Nxe5 Nxe5 15. Rfe1 Bd4 16. Rad1 Bf5 17. Rxd4 Nxc4 18. Rxe8+ Rxe8 19. b3 Re1# 0-1